| 000 | 00605nam a22001577a 4500 | ||
|---|---|---|---|
| 999 |
_c535507 _d535507 |
||
| 020 | _qHard Cover. | ||
| 082 | _a670.5 | ||
| 100 | _aMuhammad Shoaib Khan. | ||
| 245 |
_aFeasibility Study for the Implementation of Smart House Project and Working on Net Metering Smart Grid in a Power Distribution Company / _cMuhammad Shoaib Khan. |
||
| 260 |
_aIslamabad: _bPNEC NUST, _c2016. |
||
| 300 |
_a68 p. : _bill. ; _c30cm. |
||
| 942 |
_2ddc _cTHE |
||
| 650 |
_aManufacturing Engineering and Management MS-Thesis. _929576 |
||
| 700 |
_aDr. Salman Nisar _929577 |
||